00718nam a22001817a 4500003000500000005001700005008004100022010001000063011001000073035001000083040000900093100003900102245021700141260003800358300002200396502009500418650002300513CHAP20220329135402.0971013s1976 r 00010 d a35444 a36416 a40535 cCHAP00aPagaza Millán, Agustín Javier. aContribución al estudio de la incidencia, distribución y repercusiones económicas causadas por (Cisticercus bovis) en bovinos sacrificados en el rastro municipal de Naucalpan de Juárez, Estado de México aMéxico, D.F. :bEl autor,c1976 a32 h.b: gráfs. aTesis (Médico Veterinario Zootecnista) -- UNAM. Fac. de Medicina Veterinaria y Zootecnia14aCysticercus bovis.